Teología e diritto Canonico
Guardat en:
| Format: | Llibre |
|---|---|
| Idioma: | italià |
| Publicat: |
Ciudad del Vaticano
Libreria Editrice Vaticana
1987
|
| Col·lecció: | Studi Giuridici, 12
|
| Matèries: | |
| Etiquetes: |
Afegir etiqueta
Sense etiquetes, Sigues el primer a etiquetar aquest registre!
|
MARC
| LEADER | 00000nam a2200000 a 4500 | ||
|---|---|---|---|
| 001 | UCV3145 | ||
| 003 | CL-VaPUC | ||
| 008 | 930415e19870000VC |||||||||||||||||ita|d | ||
| 082 | 0 | 4 | |a 262.9 |b TEO |2 21 |
| 245 | 1 | 0 | |a Teología e diritto Canonico |
| 300 | |a 236 p | ||
| 942 | |c BK | ||
| 945 | |d 19930415 00:00:00 | ||
| 260 | |a Ciudad del Vaticano |b Libreria Editrice Vaticana |c 1987 | ||
| 650 | 7 | |a DERECHO CANONICO |2 CL-VaPUC |9 297397 | |
| 650 | 0 | |a Teología |9 258766 | |
| 583 | |a last modification |c 19930415 00:00:00 |k Rodrigo Vera | ||
| 490 | 0 | |a Studi Giuridici, 12 | |
| 999 | |c 210474 |d 210472 | ||
| 952 | |0 0 |1 0 |4 0 |6 262_900000000000000_TEO_1987 |7 0 |8 A |9 186758 |a BIBDER |b BIBDER |d 2019-11-14 |i 2543540 |l 1 |o 262.9 TEO 1987 |p 2543540 |r 2023-09-22 |s 2023-09-08 |w 2019-11-14 |y BK |k DER | ||